Hindī ke Sufī premākhyāna. (Record no. 54178)

MARC details
000 -LEADER
fixed length control field 00612cam a22002411 4500
001 - CONTROL NUMBER
control field sa 63001830
003 - CONTROL NUMBER IDENTIFIER
control field DLC
005 - DATE AND TIME OF LATEST TRANSACTION
control field 20260227111930.0
008 - FIXED-LENGTH DATA ELEMENTS--GENERAL INFORMATION
fixed length control field 950217s1962 ii 000 0 hino
010 ## - LIBRARY OF CONGRESS CONTROL NUMBER
LC control number sa 63001830
025 ## - OVERSEAS ACQUISITION NUMBER
Overseas acquisition number PL480:I-H-507
035 ## - SYSTEM CONTROL NUMBER
System control number (OCoLC)32010071
040 ## - CATALOGING SOURCE
Original cataloging agency DLC
Transcribing agency CU
Modifying agency CU
-- DLC
042 ## - AUTHENTICATION CODE
Authentication code premarc
050 00 - LIBRARY OF CONGRESS CALL NUMBER
Classification number PK2040
Item number .C5
100 1# - MAIN ENTRY--PERSONAL NAME
Personal name Caturvedī, Paraśurāma,
Dates associated with a name 1894-1979.
245 10 - TITLE STATEMENT
Title Hindī ke Sufī premākhyāna.
260 ## - PUBLICATION, DISTRIBUTION, ETC.
Date of publication, distribution, etc. [1962]
300 ## - PHYSICAL DESCRIPTION
Extent 146 p.
Dimensions 19 cm.
500 ## - GENERAL NOTE
General note In Hindi.
650 #0 - SUBJECT ADDED ENTRY--TOPICAL TERM
Topical term or geographic name entry element Hindi poetry
General subdivision History and criticism.
650 #0 - SUBJECT ADDED ENTRY--TOPICAL TERM
Topical term or geographic name entry element Sufism.

No items available.

Powered by Koha